| 000 | 00996nam a22003137a 4500 | ||
|---|---|---|---|
| 003 | CHAP | ||
| 005 | 20220817042525.0 | ||
| 008 | 971013s1950 r 00010 d | ||
| 010 | _a47074 | ||
| 011 | _a48046 | ||
| 035 | _a52190 | ||
| 040 | _cCHAP | ||
| 082 |
_a664.80285 _bF36 |
||
| 110 | _aFAO | ||
| 245 | _aWsome aspects of food refrigeration and freezing | ||
| 260 |
_aWashington : _bFAO, _c1950 |
||
| 300 |
_a205 p. _b: ilus. |
||
| 490 |
_aFAO. Estudios agropecuarios _v; 12 |
||
| 590 |
_aBATCH-UPD _b10 _c20130110 _lUCH01 _h2118 |
||
| 590 |
_aCONVERSION _b10 _c20130109 _lUCH01 _h1326 |
||
| 650 | 1 | 4 |
_aAlimentos congelados. _94302 |
| 700 | 0 |
_aTressler, Donald K. _9114827 |
|
| 830 | 0 |
_aFAO. Estudios agropecuarios _v; 12 _939546 |
|
| 901 | _aBK | ||
| 942 | _cLIBRO | ||
| 949 |
_a664.80285 F36 _bBC _cFAO _d-116378 _eFAO1 _h25320 _i52190 _si |
||
| 949 |
_a664.80285 F36 _bBC _cFAO _d-116379 _eFAO2 _fc.2 _h25321 _i52190 _si |
||
| 949 |
_a664.80285 F36 _bBC _cFAO _d-116380 _eFAO2 _fc.3 _h14739 _i52190 _si |
||
| 999 |
_c47074 _d47074 |
||